000 nam a22 7a 4500
999 _c9680
_d9680
008 180206b ||||| |||| 00| 0 eng d
100 _aUppal, S
_95794
245 _aAn alien hand english - VII
260 _aNew Delhi
_bNCERT
_c1970